[Event "DEM U16w 2015"]
[Site "Willingen GER"]
[Date "2015.05.24"]
[Round "1"]
[White "Sieber, Fiona"]
[Black "Gatzke, Carolin"]
[Result "1-0"]
[Termination "normal"]
[Board "1"]
[WhiteTitle "WFM"]
[WhiteElo "2104"]
[BlackElo "1787"]
[WhiteClock "00:12:54"]
[BlackClock "00:07:36"]
[PlyCount "57"]
[WhiteFideId "12902373"]
[BlackFideId "12943746"]
[EventCountry "GER"]
[EventRounds "9"]
[EventType "swiss"]
[EventDate "2015.05.23"]

1. e4 c5 2. Nf3 e6 3. d4 cxd4 4. Nxd4 a6 5. Bd3 b5 6. a4 b4 7. O-O Qb6 8. Nb3
Bb7 9. N1d2 d5 10. e5 Ne7 11. Nf3 Nd7 12. Re1 Nc6 13. Bf4 Be7 14. Qd2 Nc5 15.
Be3 Na5 16. Nxc5 Bxc5 17. Bxc5 Qxc5 18. Qg5 Qf8 19. Nd4 Kd7 20. Rad1 Nc6 21.
Nb3 f6 22. exf6 gxf6 23. Qe3 Re8 24. Qb6 Kc8 25. Nc5 Nd8 26. Bxa6 Qf7 27. Rd4
Re7 28. Rxb4 Rhe8 29. Qa7 1-0

[Event "DEM U16w 2015"]
[Site "Willingen GER"]
[Date "2015.05.24"]
[Round "1"]
[White "Reyher, Susan"]
[Black "Rogozenco, Teodora"]
[Result "0-1"]
[Termination "normal"]
[Board "2"]
[WhiteElo "1680"]
[BlackElo "1961"]
[WhiteClock "00:08:05"]
[BlackClock "00:21:36"]
[PlyCount "44"]
[WhiteFideId "24686107"]
[BlackFideId "12938084"]
[EventCountry "GER"]
[EventRounds "9"]
[EventType "swiss"]
[EventDate "2015.05.23"]

1. e4 e5 2. Bc4 Nf6 3. d3 Bc5 4. Nc3 c6 5. Nf3 d6 6. h3 b5 7. Bb3 h6 8. O-O Qe7
9. Be3 Nbd7 10. Nh4 g6 11. g3 Nh5 12. Qd2 Ndf6 13. Kg2 Nh7 14. Bxc5 dxc5 15.
Qxh6 Bxh3+ 16. Kg1 O-O-O 17. Qd2 Ng5 18. Rfc1 Nxg3 19. fxg3 Rxh4 20. Qf2 Bg4
21. Qf1 Nf3+ 22. Kf2 Rh2+ 0-1

[Event "DEM U16w 2015"]
[Site "Willingen GER"]
[Date "2015.05.24"]
[Round "1"]
[White "Wächter, Nathalie"]
[Black "Diener, Carolin Valeria"]
[Result "1-0"]
[Termination "normal"]
[Board "3"]
[WhiteElo "1925"]
[BlackElo "1706"]
[WhiteClock "00:07:00"]
[BlackClock "00:00:47"]
[PlyCount "61"]
[WhiteFideId "12921033"]
[BlackFideId "24699063"]
[EventCountry "GER"]
[EventRounds "9"]
[EventType "swiss"]
[EventDate "2015.05.23"]

1. d4 d5 2. Nf3 Nf6 3. c4 e6 4. Nc3 Be7 5. Bf4 O-O 6. e3 a6 7. Be2 dxc4 8. Bxc4
c5 9. dxc5 Bxc5 10. Qc2 Qe7 11. O-O b5 12. Bd3 Bb7 13. Ng5 h6 14. Nge4 Nbd7 15.
Rfd1 e5 16. Bg3 Bb6 17. Bh4 Kh8 18. Nxf6 Nxf6 19. Bf5 g5 20. Bg3 Rad8 21. a3
Nh5 22. Qe2 Nxg3 23. hxg3 Qf6 24. g4 Kg7 25. Be4 Bxe4 26. Nxe4 Qe6 27. Ng3 Rc8
28. Nf5+ Kg8 29. Rd6 Qe8 30. Rxb6 Rc6 31. Rxc6 1-0

[Event "DEM U16w 2015"]
[Site "Willingen GER"]
[Date "2015.05.24"]
[Round "1"]
[White "Grund, Melanie"]
[Black "Moses, Selina"]
[Result "1/2-1/2"]
[Termination "normal"]
[Board "4"]
[WhiteElo "1782"]
[BlackElo "1809"]
[WhiteClock "00:21:04"]
[BlackClock "00:30:23"]
[PlyCount "49"]
[WhiteFideId "12988804"]
[BlackFideId "12908070"]
[EventCountry "GER"]
[EventRounds "9"]
[EventType "swiss"]
[EventDate "2015.05.23"]

1. d4 Nf6 2. e3 g6 3. Bd3 Bg7 4. f4 O-O 5. Nf3 d6 6. O-O Nbd7 7. Nbd2 e5 8.
fxe5 dxe5 9. c3 Re8 10. Bc2 e4 11. Ng5 Bh6 12. Ndxe4 Nxe4 13. Nxe4 f5 14. Ng3
Bxe3+ 15. Bxe3 Rxe3 16. Qd2 Re8 17. Rae1 Rxe1 18. Rxe1 Nb6 19. Bb3+ Kh8 20. Qf4
Nd7 21. Qe3 Nf6 22. Qe7 Qxe7 23. Rxe7 c6 24. Kf1 a5 25. a4 1/2-1/2

[Event "DEM U16w 2015"]
[Site "Willingen GER"]
[Date "2015.05.24"]
[Round "1"]
[White "Oberhofer, Marie"]
[Black "Simon, Tessa"]
[Result "0-1"]
[Termination "normal"]
[Board "6"]
[WhiteElo "1694"]
[BlackElo "1903"]
[PlyCount "94"]
[WhiteFideId "12938165"]
[BlackFideId "12929395"]
[EventCountry "GER"]
[EventRounds "9"]
[EventType "swiss"]
[EventDate "2015.05.23"]

1. e4 c5 2. Nf3 Nc6 3. d4 cxd4 4. Nxd4 Nf6 5. Nc3 e5 6. Ndb5 d6 7. Bg5 a6 8.
Na3 b5 9. Bxf6 gxf6 10. Nd5 Bg7 11. Bd3 Ne7 12. Nxe7 Qxe7 13. O-O O-O 14. c3 f5
15. Qh5 f4 16. Nc2 Be6 17. a4 bxa4 18. Rxa4 a5 19. Rfa1 Qc7 20. Ne1 Rfb8 21.
Qe2 Ra7 22. Ba6 Qb6 23. Rxa5 Qxb2 24. Qxb2 Rxb2 25. Nd3 Rc2 26. R5a3 Rc7 27.
Rc1 Rxc1+ 28. Nxc1 f5 29. exf5 Bxf5 30. Be2 e4 31. Ra8+ Kf7 32. Bh5+ Bg6 33.
Bxg6+ hxg6 34. Ra4 Rxc3 35. Ne2 Rd3 36. h3 Be5 37. Rxe4 Rd1+ 38. Kh2 Re1 39.
Rxf4+ Bxf4+ 40. Nxf4 Kf6 41. Kg3 g5 42. Nd5+ Ke5 43. Ne3 d5 44. Kg4 d4 45. Nf5
d3 46. Kxg5 d2 47. Ne3 Rxe3 0-1

[Event "DEM U16w 2015"]
[Site "Willingen GER"]
[Date "2015.05.24"]
[Round "1"]
[White "Brandl, Lea Maria"]
[Black "Eggert, Daniela"]
[Result "1/2-1/2"]
[Termination "normal"]
[Board "7"]
[WhiteElo "1779"]
[BlackElo "1647"]
[PlyCount "59"]
[WhiteFideId "24693049"]
[BlackFideId "12991490"]
[EventCountry "GER"]
[EventRounds "9"]
[EventType "swiss"]
[EventDate "2015.05.23"]

1. d4 d5 2. c4 e6 3. Nc3 Be7 4. Nf3 Nf6 5. Bg5 O-O 6. e3 h6 7. Bh4 Ne4 8. Bxe7
Qxe7 9. Bd3 Nxc3 10. bxc3 dxc4 11. Bxc4 c5 12. O-O b6 13. Qe2 Bb7 14. Rfd1 cxd4
15. cxd4 Nd7 16. Rac1 Nf6 17. Rd2 Rfd8 18. Rdc2 Bd5 19. Bb5 Ne8 20. Ne5 Qg5 21.
f4 Qf5 22. Qf2 Nd6 23. Bd3 Be4 24. Bxe4 Qxe4 25. Rc7 Rdc8 26. Rxc8+ Rxc8 27.
Rxc8+ Nxc8 28. Qe2 Nd6 29. Kf2 b5 30. a3 1/2-1/2

[Event "DEM U16w 2015"]
[Site "Willingen GER"]
[Date "2015.05.24"]
[Round "1"]
[White "Silber, Stefanie"]
[Black "Sewald, Kathrin"]
[Result "1/2-1/2"]
[Termination "normal"]
[Board "8"]
[WhiteElo "1590"]
[BlackElo "1594"]
[PlyCount "82"]
[WhiteFideId "12918245"]
[BlackFideId "12964557"]
[EventCountry "GER"]
[EventRounds "9"]
[EventType "swiss"]
[EventDate "2015.05.23"]

1. e4 e5 2. Nf3 Nc6 3. Bb5 a6 4. Bxc6 dxc6 5. O-O Bd6 6. d4 exd4 7. Nxd4 Ne7 8.
Be3 O-O 9. Nd2 f5 10. f4 fxe4 11. Nxe4 Nd5 12. Qd2 Nxe3 13. Qxe3 Bxf4 14. Qd3
Qd5 15. c4 Qh5 16. g3 Bd6 17. Rxf8+ Bxf8 18. Rf1 Bd6 19. c5 Be7 20. a3 Qd5 21.
b4 Bh3 22. Re1 Rd8 23. Qb3 Be6 24. Qxd5 Bxd5 25. Kf2 Bxe4 26. Rxe4 Bf6 27. Ke3
Kf7 28. h4 Kg6 29. Ne6 Rc8 30. Nf4+ Kf7 31. Nd3 Re8 32. Rxe8 Kxe8 33. Ke4 Ke7
34. Ne5 Ke6 35. Nd3 g5 36. hxg5 Bxg5 37. Nf4+ Kf6 38. g4 Bxf4 39. Kxf4 b6 40.
g5+ Ke6 41. Ke4 b5 1/2-1/2

[Event "DEM U16w 2015"]
[Site "Willingen GER"]
[Date "2015.05.24"]
[Round "1"]
[White "Möller, Hannah"]
[Black "Ley, Sabrina"]
[Result "1/2-1/2"]
[Termination "normal"]
[Board "10"]
[WhiteElo "1583"]
[BlackElo "1702"]
[PlyCount "150"]
[WhiteFideId "1270514"]
[BlackFideId "12938130"]
[EventCountry "GER"]
[EventRounds "9"]
[EventType "swiss"]
[EventDate "2015.05.23"]

1. c4 c5 2. g3 Nc6 3. Bg2 g6 4. Nc3 Bg7 5. e3 e5 6. Nge2 Nge7 7. O-O O-O 8. d3
d6 9. Rb1 Be6 10. h3 Qd7 11. Kh2 d5 12. cxd5 Nxd5 13. a3 Rad8 14. Qc2 b6 15.
Rd1 f5 16. b3 Qc8 17. Bb2 Rd7 18. Rd2 Rfd8 19. Rbd1 Na5 20. Nc1 Nc6 21. N1e2
Nxc3 22. Bxc3 Bd5 23. e4 Be6 24. Qb2 Nd4 25. Bxd4 exd4 26. Nf4 Re7 27. Nxe6
Qxe6 28. exf5 Qxf5 29. b4 cxb4 30. Qxb4 Rde8 31. Bc6 Re2 32. Rf1 Rxd2 33. Qxd2
Rc8 34. Qa2+ Kh8 35. Be4 Qc5 36. Kg2 Qc2 37. Qe6 Rf8 38. Qe7 a5 39. Qd6 Qb2 40.
a4 Qb3 41. Qd7 Qb2 42. Qb5 Qxb5 43. axb5 Rc8 44. Bc6 Bf8 45. Ra1 Bb4 46. h4 Rc7
47. Rc1 Kg7 48. f4 Re7 49. Be4 Bc3 50. Rc2 Kf6 51. Ra2 Ke6 52. Ra4 Bb4 53. g4
Kd6 54. f5 gxf5 55. Bxf5 Kc5 56. g5 Kxb5 57. Ra1 Rg7 58. Be4 a4 59. Kf1 a3 60.
Ke2 Ka4 61. Kd1 Kb3 62. Rb1+ Kc3 63. Bd5 Kxd3 64. Rxb4 Ke3 65. Rxb6 Ra7 66. Rf6
d3 67. Rf3+ Kd4 68. Ba2 Rb7 69. Rf2 Kc3 70. Kc1 Re7 71. Kd1 Re4 72. Bd5 Rxh4
73. Ra2 Rg4 74. Rxa3+ Kb2 75. Rxd3 Rxg5 1/2-1/2

[Event "DEM U16w 2015"]
[Site "Willingen GER"]
[Date "2015.05.24"]
[Round "1"]
[White "Denkert, Anna"]
[Black "Giede, Anna-Blume"]
[Result "1-0"]
[Termination "normal"]
[Board "11"]
[WhiteElo "1689"]
[BlackElo "1454"]
[PlyCount "107"]
[WhiteFideId "12938122"]
[BlackFideId "12921980"]
[EventCountry "GER"]
[EventRounds "9"]
[EventType "swiss"]
[EventDate "2015.05.23"]

1. e4 c6 2. d4 g6 3. Nc3 Bg7 4. Be3 d5 5. e5 f6 6. f4 Nd7 7. Nf3 Nb6 8. b3 Nh6
9. h3 Be6 10. Qe2 Qd7 11. O-O-O O-O-O 12. Ne1 Bf5 13. g4 Be4 14. Rg1 Rhg8 15.
Nd3 Bxd3 16. Qxd3 f5 17. g5 Nf7 18. a4 Rdf8 19. a5 Na8 20. Na4 e6 21. Nc5 Qe7
22. b4 Nc7 23. Qb3 Re8 24. b5 Nxb5 25. Bxb5 cxb5 26. Qxb5 Qc7 27. Rd3 Nd8 28.
Rc3 Nc6 29. Nxb7 Qxb7 30. Rxc6+ Kb8 31. Rc5 Qxb5 32. Rxb5+ Kc7 33. Kd2 Rb8 34.
Rgb1 Rxb5 35. Rxb5 Rb8 36. Rxb8 Kxb8 37. Kc3 Bf8 38. Kb3 Kb7 39. c4 dxc4+ 40.
Kxc4 Kc6 41. Bd2 a6 42. h4 Ba3 43. Kb3 Be7 44. Bb4 Bxb4 45. Kxb4 Kd5 46. Kc3
Ke4 47. Kc4 Kxf4 48. Kc5 Ke4 49. d5 f4 50. dxe6 f3 51. e7 f2 52. e8=Q f1=Q 53.
Qa4+ Kxe5 54. Qe8+ 1-0

[Event "DEM U16w 2015"]
[Site "Willingen GER"]
[Date "2015.05.24"]
[Round "1"]
[White "Christiansen, Anna"]
[Black "Peters, Theresa"]
[Result "1/2-1/2"]
[Termination "normal"]
[Board "12"]
[WhiteElo "1359"]
[BlackElo "1647"]
[PlyCount "108"]
[WhiteFideId "12952230"]
[BlackFideId "12952192"]
[EventCountry "GER"]
[EventRounds "9"]
[EventType "swiss"]
[EventDate "2015.05.23"]

1. e4 c5 2. Nc3 Nc6 3. f4 g6 4. Nf3 Bg7 5. Bb5 Nd4 6. O-O Nxb5 7. Nxb5 a6 8.
Nc3 e6 9. Qe1 Ne7 10. d3 O-O 11. Qh4 f6 12. Ne2 d5 13. g4 Qd7 14. e5 Nc6 15.
exf6 Bxf6 16. Qg3 b5 17. c3 b4 18. d4 cxd4 19. cxd4 a5 20. Bd2 Ba6 21. Rae1
Rac8 22. Qf2 Ne7 23. Ne5 Bxe5 24. dxe5 Rc2 25. Qb6 Bc4 26. b3 Bd3 27. Qe3 Ba6
28. Ra1 Nc6 29. Rfc1 Rxc1+ 30. Rxc1 Bxe2 31. Qxe2 Nd4 32. Qd3 Nc6 33. Kg2 Qb7
34. Kg3 Rc8 35. h3 Na7 36. Rxc8+ Qxc8 37. Be3 Qc7 38. Bxa7 Qxa7 39. Kf3 Qc5 40.
Qe3 Qc3 41. Qxc3 bxc3 42. Ke3 d4+ 43. Kd3 Kf7 44. a3 Ke7 45. h4 h5 46. g5 Kd7
47. Kc2 Kc6 48. Kd3 Kd5 49. b4 axb4 50. axb4 Kc6 51. Kc2 Kd5 52. Kd3 Kc6 53.
Kc2 Kd5 54. Kd3 Kc6 1/2-1/2

[Event "DEM U16w 2015"]
[Site "Willingen GER"]
[Date "2015.05.24"]
[Round "2"]
[White "Simon, Tessa"]
[Black "Sieber, Fiona"]
[Result "0-1"]
[Termination "normal"]
[Board "1"]
[BlackTitle "WFM"]
[WhiteElo "1903"]
[BlackElo "2104"]
[WhiteClock "00:01:17"]
[BlackClock "01:15:45"]
[PlyCount "78"]
[WhiteFideId "12929395"]
[BlackFideId "12902373"]
[EventCountry "GER"]
[EventRounds "9"]
[EventType "swiss"]
[EventDate "2015.05.23"]

1. e4 c5 2. Nf3 d6 3. d4 cxd4 4. Nxd4 Nf6 5. Nc3 Nc6 6. f3 e5 7. Nb3 Be7 8. Be3
O-O 9. Qd2 a5 10. Bb5 Be6 11. O-O-O Na7 12. Be2 a4 13. Nxa4 d5 14. Nb6 d4 15.
Nxa8 Bxb3 16. cxb3 Qc8+ 17. Kb1 dxe3 18. Qxe3 Qxa8 19. g4 Nc6 20. g5 Nh5 21.
Rd7 Qc8 22. Rhd1 Nd4 23. Rxe7 Qc2+ 24. Ka1 Qc5 25. Rxd4 exd4 26. Qd2 Qxe7 27.
Qxd4 Qxg5 28. a4 Rd8 29. Qc4 Nf4 30. Ka2 Nxe2 31. Qxe2 Qc1 32. Qb5 h6 33. Qxb7
Rd2 34. Qb8+ Kh7 35. Qe5 f6 36. Qf5+ Kh8 37. Ka3 Qxb2+ 38. Kb4 Rd4+ 39. Ka5
Qc3+ 0-1

[Event "DEM U16w 2015"]
[Site "Willingen GER"]
[Date "2015.05.24"]
[Round "2"]
[White "Rogozenco, Teodora"]
[Black "Wächter, Nathalie"]
[Result "0-1"]
[Termination "normal"]
[Board "2"]
[WhiteElo "1961"]
[BlackElo "1925"]
[WhiteClock "00:08:02"]
[BlackClock "00:05:36"]
[PlyCount "74"]
[WhiteFideId "12938084"]
[BlackFideId "12921033"]
[EventCountry "GER"]
[EventRounds "9"]
[EventType "swiss"]
[EventDate "2015.05.23"]

1. d4 d5 2. c4 e6 3. Nc3 Nf6 4. cxd5 exd5 5. Bg5 c6 6. Qc2 Be7 7. e3 O-O 8. Bd3
Nbd7 9. Nge2 Re8 10. O-O Nf8 11. f3 h6 12. Bh4 Qb6 13. Kh1 Ne6 14. Rad1 Qc7 15.
e4 dxe4 16. fxe4 Ng4 17. Bg3 Qb6 18. d5 Nc5 19. Rf3 Bg5 20. e5 Nxd3 21. Qxd3
Nxe5 22. Bxe5 Rxe5 23. Rdf1 Re3 24. Rxe3 Qxe3 25. Qc4 cxd5 26. Nxd5 Qe6 27. Nd4
Qg6 28. Nc7 Rb8 29. Qa4 Bg4 30. h3 Qd3 31. Re1 Bxh3 32. gxh3 Qxh3+ 33. Kg1 Be3+
34. Rxe3 Qxe3+ 35. Kg2 Qg5+ 36. Kh3 Qh5+ 37. Kg2 Qg4+ 0-1

[Event "DEM U16w 2015"]
[Site "Willingen GER"]
[Date "2015.05.24"]
[Round "2"]
[White "Moses, Selina"]
[Black "Denkert, Anna"]
[Result "1-0"]
[Termination "normal"]
[Board "3"]
[WhiteElo "1809"]
[BlackElo "1689"]
[WhiteClock "00:15:32"]
[BlackClock "00:41:58"]
[PlyCount "119"]
[WhiteFideId "12908070"]
[BlackFideId "12938122"]
[EventCountry "GER"]
[EventRounds "9"]
[EventType "swiss"]
[EventDate "2015.05.23"]

1. e4 c6 2. d4 d5 3. Nc3 dxe4 4. Nxe4 Bf5 5. Ng3 Bg6 6. h4 h6 7. Nf3 Nd7 8. h5
Bh7 9. Bd3 Bxd3 10. Qxd3 e6 11. Bd2 Ngf6 12. O-O-O Be7 13. Kb1 O-O 14. Ne4 Nxe4
15. Qxe4 Nf6 16. Qe2 Qd5 17. Ne5 Rad8 18. g4 Qe4 19. Qxe4 Nxe4 20. Be3 c5 21.
f3 cxd4 22. Bxd4 Bc5 23. Bxc5 Nxc5 24. c3 Na4 25. Nd7 Rfe8 26. Rd4 Nb6 27. Rhd1
Nd5 28. Nc5 b5 29. Na6 Rc8 30. Nb4 Nf6 31. Nc2 Kf8 32. Na3 a6 33. Rd6 Ra8 34.
c4 bxc4 35. Nxc4 Ke7 36. Ne5 Rec8 37. Rc6 Rxc6 38. Nxc6+ Ke8 39. Nb4 a5 40. Nc6
Nd5 41. Rd4 Kd7 42. Ne5+ Ke7 43. Ra4 Nb6 44. Rxa5 Rxa5 45. Nc6+ Kd6 46. Nxa5
Ke5 47. Nb3 Nc4 48. Kc2 Kf4 49. Nd2 Nxd2 50. Kxd2 Kxf3 51. a4 Kf2 52. a5 e5 53.
Kd3 Kf3 54. a6 e4+ 55. Kd4 e3 56. a7 e2 57. a8=Q+ Kf2 58. Qe8 e1=Q 59. Qxe1+
Kxe1 60. Ke3 1-0

[Event "DEM U16w 2015"]
[Site "Willingen GER"]
[Date "2015.05.24"]
[Round "2"]
[White "Eggert, Daniela"]
[Black "Weis, Olga"]
[Result "0-1"]
[Termination "normal"]
[Board "4"]
[WhiteElo "1647"]
[BlackElo "1739"]
[WhiteClock "00:10:58"]
[BlackClock "00:13:37"]
[PlyCount "56"]
[WhiteFideId "12991490"]
[BlackFideId "1270234"]
[EventCountry "GER"]
[EventRounds "9"]
[EventType "swiss"]
[EventDate "2015.05.23"]

1. e4 c5 2. Nc3 e6 3. f4 a6 4. Nf3 d6 5. Be2 Nf6 6. d3 Be7 7. O-O b5 8. a3 Bb7
9. b4 Nc6 10. bxc5 dxc5 11. Qe1 Nd4 12. Bb2 Nxc2 13. Qg3 Nxa1 14. Bxa1 O-O 15.
h4 b4 16. axb4 cxb4 17. Nd1 b3 18. Ne5 Bc5+ 19. Kh1 Bd4 20. Bxd4 Qxd4 21. h5 h6
22. Ne3 Kh8 23. f5 Nd7 24. f6 Nxf6 25. Rxf6 gxf6 26. Ng6+ fxg6 27. hxg6 Rg8 28.
Bh5 Qe5 0-1

[Event "DEM U16w 2015"]
[Site "Willingen GER"]
[Date "2015.05.24"]
[Round "2"]
[White "Klinkenberg, Cora"]
[Black "Brandl, Lea Maria"]
[Result "1/2-1/2"]
[Termination "normal"]
[Board "5"]
[WhiteElo "1622"]
[BlackElo "1779"]
[WhiteClock "00:28:16"]
[BlackClock "00:18:39"]
[PlyCount "41"]
[WhiteFideId "16203186"]
[BlackFideId "24693049"]
[EventCountry "GER"]
[EventRounds "9"]
[EventType "swiss"]
[EventDate "2015.05.23"]

1. d4 Nf6 2. Bg5 d5 3. e3 e6 4. Bd3 Be7 5. Nd2 Nbd7 6. f4 c5 7. c3 Rb8 8. Ngf3
b5 9. O-O O-O 10. Ne5 Qb6 11. Qf3 Re8 12. Qh3 Nf8 13. Qg3 b4 14. Rfb1 a5 15.
Bh6 g6 16. Bg5 Nh5 17. Qh3 Bxg5 18. fxg5 f5 19. gxf6 Nxf6 20. Qh4 N8d7 21. Nxd7
1/2-1/2

[Event "DEM U16w 2015"]
[Site "Willingen GER"]
[Date "2015.05.24"]
[Round "2"]
[White "Sewald, Kathrin"]
[Black "Grund, Melanie"]
[Result "1/2-1/2"]
[Termination "normal"]
[Board "6"]
[WhiteElo "1594"]
[BlackElo "1782"]
[PlyCount "134"]
[WhiteFideId "12964557"]
[BlackFideId "12988804"]
[EventCountry "GER"]
[EventRounds "9"]
[EventType "swiss"]
[EventDate "2015.05.23"]

1. e4 e5 2. Nf3 Nc6 3. Bc4 Bc5 4. c3 Nf6 5. d3 h6 6. h3 d6 7. O-O O-O 8. Re1
Be6 9. Bb3 Bb6 10. Bc2 d5 11. exd5 Qxd5 12. Bb3 Qd6 13. Bxe6 Qxe6 14. d4 Rad8
15. Qc2 e4 16. Nfd2 Rfe8 17. f3 e3 18. Nf1 e2 19. Ng3 Qc4 20. Na3 Nxd4 21. cxd4
Bxd4+ 22. Kh2 Qxc2 23. Nxc2 Bf2 24. Bf4 Bxe1 25. Rxe1 Nd5 26. Bd2 Nb6 27. Bb4
Nc4 28. b3 Nd2 29. Kg1 b6 30. Rxe2 Rxe2 31. Nxe2 c5 32. Bc3 Nb1 33. Be1 b5 34.
Kf2 b4 35. Ne3 Na3 36. Nf4 Kf8 37. Nh5 Nb1 38. Ng3 Nc3 39. Nc4 Nxa2 40. Ne4 Rc8
41. Bd2 Nc3 42. Nxc3 bxc3 43. Bxc3 Rb8 44. Na5 f6 45. Ke3 Kf7 46. Kd3 Ke6 47.
Kc4 Kd6 48. Be1 Re8 49. Bf2 Re2 50. Bxc5+ Kc7 51. g4 Rh2 52. Bf8 Rxh3 53. Bxg7
Rxf3 54. Bxh6 f5 55. gxf5 Rxf5 56. b4 Kb6 57. Be3+ Ka6 58. Nc6 Rh5 59. Nxa7 Rh1
60. Bc5 Rc1+ 61. Kd5 Rb1 62. Nc6 Kb5 63. Kd6 Rd1+ 64. Kc7 Rb1 65. Kb7 Rb2 66.
Kc7 Rb1 67. Na7+ Ka4 1/2-1/2

[Event "DEM U16w 2015"]
[Site "Willingen GER"]
[Date "2015.05.24"]
[Round "2"]
[White "Hartmann, Cora"]
[Black "Usczeck, Alina"]
[Result "0-1"]
[Termination "normal"]
[Board "7"]
[WhiteElo "1585"]
[BlackElo "1755"]
[PlyCount "58"]
[WhiteFideId "16200764"]
[BlackFideId "12938114"]
[EventCountry "GER"]
[EventRounds "9"]
[EventType "swiss"]
[EventDate "2015.05.23"]

1. e4 c6 2. c4 d5 3. cxd5 cxd5 4. exd5 Nf6 5. Qa4+ Nbd7 6. Nc3 g6 7. Bc4 Bg7 8.
Qb3 O-O 9. d3 b6 10. Nf3 Nc5 11. Qc2 Bb7 12. b4 Na6 13. Qb3 Nxd5 14. Bb2 Ndxb4
15. Rd1 Nc6 16. O-O Nc5 17. Qc2 Nd4 18. Nxd4 Bxd4 19. Rfe1 Rc8 20. Re2 e6 21.
Bc1 Bg7 22. Bf4 Qe7 23. Re3 Rfd8 24. Rde1 Bd4 25. Rg3 Bf6 26. Qd2 Qf8 27. Bh6
Bxc3 28. Qc1 Bg7 29. Bg5 Nxd3 0-1

[Event "DEM U16w 2015"]
[Site "Willingen GER"]
[Date "2015.05.24"]
[Round "2"]
[White "Peters, Theresa"]
[Black "Möller, Hannah"]
[Result "1-0"]
[Termination "normal"]
[Board "9"]
[WhiteElo "1647"]
[BlackElo "1583"]
[PlyCount "67"]
[WhiteFideId "12952192"]
[BlackFideId "1270514"]
[EventCountry "GER"]
[EventRounds "9"]
[EventType "swiss"]
[EventDate "2015.05.23"]

1. e4 c5 2. Nf3 d6 3. Bb5+ Bd7 4. Bxd7+ Nxd7 5. c4 Ngf6 6. Nc3 g6 7. d4 cxd4 8.
Nxd4 Bg7 9. O-O O-O 10. Nc2 Qc7 11. Ne3 Nb6 12. Qd3 Rac8 13. Nb5 Qb8 14. Bd2
Nfd7 15. Bc3 Ne5 16. Bxe5 Bxe5 17. Nc3 a6 18. Rac1 Qc7 19. b3 Nd7 20. Ncd5 Qd8
21. Ng4 Bg7 22. Qh3 h5 23. Nge3 Ne5 24. Rcd1 Re8 25. Kh1 Qa5 26. Nxe7+ Rxe7 27.
Qxc8+ Kh7 28. Rxd6 Qxa2 29. Nd5 Re6 30. Rxe6 fxe6 31. Qxe6 Nd3 32. Qf7 Qe2 33.
Kg1 Qxe4 34. Nf6+ 1-0

[Event "DEM U16w 2015"]
[Site "Willingen GER"]
[Date "2015.05.24"]
[Round "2"]
[White "Gatzke, Carolin"]
[Black "Christiansen, Anna"]
[Result "1/2-1/2"]
[Termination "normal"]
[Board "10"]
[WhiteElo "1787"]
[BlackElo "1359"]
[PlyCount "160"]
[WhiteFideId "12943746"]
[BlackFideId "12952230"]
[EventCountry "GER"]
[EventRounds "9"]
[EventType "swiss"]
[EventDate "2015.05.23"]

1. e4 e5 2. c4 Nf6 3. Nc3 Nc6 4. g3 Bc5 5. Bg2 d6 6. Nge2 O-O 7. O-O Be6 8. d3
a6 9. h3 Qd7 10. Kh2 h6 11. f4 Qe7 12. f5 Bd7 13. a3 Kh7 14. g4 Nd4 15. Nxd4
Bxd4 16. Ne2 Ba7 17. Ng3 g5 18. Qf3 b5 19. Be3 c5 20. b4 cxb4 21. axb4 Bxe3 22.
Qxe3 Rfc8 23. Rfc1 bxc4 24. dxc4 Bc6 25. Ra3 Qb7 26. Rb3 Qa7 27. Qd2 Rd8 28.
Rd3 Qb8 29. Rd1 Qb7 30. Qe1 Qc7 31. Qd2 Qb7 32. Re1 Qc7 33. Rc3 Qb7 34. Ra3 Qc7
35. Qc3 Qb6 36. Rb3 Rac8 37. c5 Qb8 38. Qc4 Qb7 39. Qc3 Qb8 40. Qc4 Qb7 41. Nh5
Nxh5 42. gxh5 Bb5 43. Qc1 Ba4 44. Rb1 Qc6 45. Qc4 Qb7 46. Qa2 Bb5 47. Red1 dxc5
48. Rxd8 Rxd8 49. bxc5 Kg7 50. Qf2 Qc6 51. h4 Rd4 52. Qg3 f6 53. hxg5 hxg5 54.
h6+ Kxh6 55. Qh3+ Kg7 56. Qh5 Qe8 57. Qxe8 Bxe8 58. Rb7+ Kg8 59. Rb6 Rc4 60.
Rxa6 Rxc5 61. Rxf6 Rc6 62. Re6 Rxe6 63. fxe6 Kg7 64. Bh3 Kf6 65. Kg3 Bc6 66.
Kf3 Be8 67. Ke3 Bh5 68. Bf5 Bg6 69. Bxg6 Kxg6 70. Kf3 Kf6 71. Kg4 Kxe6 72. Kxg5
Ke7 73. Kf5 Kf7 74. Kxe5 Ke7 75. Kd5 Kd7 76. e5 Ke7 77. e6 Ke8 78. Kd6 Kd8 79.
e7+ Ke8 80. Kc7 Kxe7 1/2-1/2

[Event "DEM U16w 2015"]
[Site "Willingen GER"]
[Date "2015.05.24"]
[Round "2"]
[White "Diener, Carolin Valeria"]
[Black "Oberhofer, Marie"]
[Result "1/2-1/2"]
[Termination "normal"]
[Board "12"]
[WhiteElo "1706"]
[BlackElo "1694"]
[PlyCount "91"]
[WhiteFideId "24699063"]
[BlackFideId "12938165"]
[EventCountry "GER"]
[EventRounds "9"]
[EventType "swiss"]
[EventDate "2015.05.23"]

1. e4 c5 2. Nf3 d6 3. Bb5+ Bd7 4. Bxd7+ Qxd7 5. c4 Nc6 6. Nc3 g6 7. d4 cxd4 8.
Nxd4 Bg7 9. Be3 Nf6 10. h3 O-O 11. O-O Rac8 12. b3 Rfd8 13. Rc1 a6 14. Re1 Qe8
15. Nxc6 Rxc6 16. Bd4 Rdc8 17. Nd5 Nxd5 18. exd5 R6c7 19. Bb6 Rd7 20. Rc2 Qf8
21. Qg4 f5 22. Qf3 Be5 23. Qe3 f4 24. Qe4 Qf6 25. Rd1 Rf8 26. Bd4 Bxd4 27. Rxd4
Qf5 28. Qxf5 Rxf5 29. Re2 f3 30. Re6 fxg2 31. Kxg2 Kf7 32. Kg3 Rd8 33. Rde4 Re8
34. h4 Rf6 35. Rxf6+ exf6 36. Rxe8 Kxe8 37. f4 Kd7 38. b4 b6 39. Kg4 Ke7 40. h5
Kd7 41. hxg6 hxg6 42. Kf3 Ke7 43. Ke4 Kd8 44. Kd4 Kd7 45. a4 a5 46. b5 1/2-1/2

[Event "DEM U16w 2015"]
[Site "Willingen GER"]
[Date "2015.05.25"]
[Round "3"]
[White "Sieber, Fiona"]
[Black "Wächter, Nathalie"]
[Result "0-1"]
[Termination "normal"]
[Board "1"]
[WhiteTitle "WFM"]
[WhiteElo "2104"]
[BlackElo "1925"]
[WhiteClock "00:17:31"]
[BlackClock "00:07:18"]
[PlyCount "90"]
[WhiteFideId "12902373"]
[BlackFideId "12921033"]
[EventCountry "GER"]
[EventRounds "9"]
[EventType "swiss"]
[EventDate "2015.05.23"]

1. e4 e5 2. Nf3 Nc6 3. Bb5 a6 4. Ba4 Nf6 5. O-O Be7 6. Re1 b5 7. Bb3 d6 8. c3
O-O 9. h3 Bb7 10. d4 Nb8 11. Nbd2 Nbd7 12. a4 c5 13. Bc2 cxd4 14. cxd4 Qb6 15.
Nf1 Rfc8 16. Ng3 bxa4 17. Rxa4 a5 18. b3 Bc6 19. Ra2 Bf8 20. Bb2 Qc7 21. Bd3 g6
22. Bc4 Bh6 23. h4 Bf4 24. Ng5 Rf8 25. Qc2 Rac8 26. Bc3 a4 27. Qd3 axb3 28.
Bxb3 h6 29. Nh3 Bxg3 30. Qxg3 Kh7 31. f3 Qb7 32. Bc4 Qb8 33. Ba6 Qa7 34. Rea1
Rb8 35. Bb5 Qb6 36. Bxc6 Qxc6 37. dxe5 dxe5 38. Bxe5 Qc5+ 39. Nf2 Qxe5 40. f4
Qc5 41. Qf3 Qc4 42. Kh2 Rb3 43. Qd1 Rfb8 44. Ra7 R3b7 45. R7a4 Qc5 0-1